Statistics for GCSE Geography - El Niño and La Niña

Click here to take the quiz!

General Stats

  • This quiz has been taken 23 times
  • The average score is 5 of 9

Answer Stats

QuestionTileSelect% Correct
El niñoNo
83%
El niñoNo
78%
La niñaNo
72%
Normal weatherNo
67%
La niñaNo
61%
El niñoYes
61%
Normal weatherNo
56%
La niñaYes
39%
Normal weatherYes
28%

Score Distribution

Percentile by Number Answered

Percent of People with Each Score

Your Score History

You have not taken this quiz